Dairy policy reform and trade liberalisation

Saved in:
Bibliographic Details
Format: Book
Language:English
Published: Paris OECD 2005
Subjects:
Tags: Add Tag
No Tags, Be the first to tag this record!

MARC

LEADER 00000nam$a2200000$$$4500
001 0036340
005 20221129082451.2
020 |a 92-64-01159-5 
041 0 |a eng 
044 |a FR 
245 1 0 |a Dairy policy reform and trade liberalisation 
264 1 |a Paris  |b OECD  |c 2005 
300 |a 165 s. 
610 2 0 |a priemysel mliekarský 
610 2 0 |a mlieko 
610 2 0 |a ceny 
610 2 0 |a kvóty 
610 2 0 |a liberalizácia 
610 2 0 |a trh potravinový 
610 2 0 |a trh poľnohospodársky 
610 2 0 |a vývoz